=LDR 00000nam 2200000 4500 =001 INLIS000000000028767 =005 20130612131041 =008 ***********************************Ind** =035 ##$$0010-061300000028767 =041 ##$$a Ind =082 ##$$a 428 =090 ##$$a 428, Suj p =100 ##$$a Sujoko R =245 ##$$a Pemakaian kota-kata praktis dalam percakapan bahasa Inggris, Sujoko R =260 ##$$a 1987 $b Bandung =300 ##$$a xiii, 184 hlm, 21 cm =650 ##$$a Bahasa Inggris - Percakapan =850 ##$$a NBPNMAT